000 01495nas a2200409 i 4500
001 1801
003 ES-MaACL
005 20250802062531.0
008 950801d18751907sp mryp n 0 |spa d
022 _a0213-8654
040 _aES-MaACL
080 _a82
080 _a008
080 _a05
245 0 0 _aRevista contemporánea.
260 _aMadrid :
_b[Revista Contemporánea,
_c1875-1907] (
_fImp. de Manuel G. Hernández)
300 _a135 v. :
_bil. ;
_c23 cm.
310 _aMensual,
_bjul. 1901-1907
321 _aQuincenal,
_b1875-jun. 1901
362 0 _aT. 1, v. 1, n. 1 (15 dic. 1875)-t. 134, cuaderno 6 (15 jun. 1907)
500 _aÍndices.
530 _aDisponible en formato digital.
555 _aEn 1950 se publican los índices: Revista contemporánea (Madrid, 1875-1907) / por Ramón Paz Remolar.
650 1 4 _aRevistas de información general.
_916896
650 7 _aLiteratura
_2embne
_9141583
650 7 _aCultura
_2embne
_9170963
700 1 _aPerojo, José del
_d1850-1908
_991313
700 1 _aPacheco, Francisco de Asís.
_988119
700 1 _aÁlvarez Sereix, Rafael,
_d1856-1946
_920966
700 1 _aCárdenas, José de.
_935141
852 _aES-MaACL
_jZ-10
_dOlim: Hem-1646
856 _uhttp://prensahistorica.mcu.es/es/consulta/registro.cmd?id=4343
_zAcceso electrónico
_yBiblioteca virtual de Prensa Histórica
866 0 _o1875-1906(1907).
942 _2udc
_cPERIODICA
_n0
955 _bCRON CRON
999 _c1801
_d1801